| 000 | 005080000a22002050004500 | ||
|---|---|---|---|
| 999 |
_c47800 _d47800 |
||
| 001 | 596 | ||
| 003 | CO-MdFUSB | ||
| 005 | 20181029152926.0 | ||
| 008 | 181029b xxu||||| |||| 00| 0 eng d | ||
| 020 | _a0-06-029487-6 | ||
| 040 | _cCO-MdBIC | ||
| 082 | 0 | 4 | _a813A H71g |
| 100 | 1 | _aHoliday, Billie | |
| 245 | 1 | 0 | _aGod Bless The Child / Billie Holiday And Arthur Herzog Jr. |
| 260 | _a[s.l. ] Harper Collins | ||
| 300 | _a[ 34 p. ] | ||
| 500 | _aTrae CD | ||
| 650 | 1 | 4 | _aLiteratura Infantil |
| 942 | _cLGB | ||